Giáo trình hệ các chương trình ứng dụng

保存先:
書誌詳細
第一著者: Tô Văn Nam
フォーマット: 図書
言語:Undetermined
出版事項: Hà Nội Giáo dục 2004
タグ: タグ追加
タグなし, このレコードへの初めてのタグを付けませんか!
Thư viện lưu trữ: Trung tâm Học liệu Trường Đại học Cần Thơ
LEADER 00394nam a2200133Ia 4500
001 CTU_64408
008 210402s9999 xx 000 0 und d
020 |b 13500 
100 |a Tô Văn Nam 
245 0 |a Giáo trình hệ các chương trình ứng dụng 
260 |a Hà Nội 
260 |b Giáo dục 
260 |c 2004 
980 |a Trung tâm Học liệu Trường Đại học Cần Thơ